000 00609nam a2200205Ia 4500
003 IIN
005 20240102143911.0
008 231217s9999 xx 000 0 und d
020 _cRs.2799.00
_a9789387963726
040 _aIIN
_bEnglish
082 _a610.73677
_bSHA
100 1 _a Sharma, Suresh K.
245 1 _a Textbook of Medical- Surgical Nursing
_cBrunner and Suddarth
250 _a South Asia ed
_bSuresh K. Sharma and S. Madhavi
260 _bWolters Kluwer
_aNew Delhi
_c2019
300 _axiii, 1107-2186 p. / Vol.2
650 1 _aMedical Surgical
_vNursing
700 1 _aMadhavi, S
942 _cBOOK
999 _c168
_d168